000 00784nam a2200217Ii 4500
003 JO-AjNU
008 230605s9999||||xx |||||||||||||| ||und||
020 _a978-9957-98-081-8
040 _aJO-AjNU
_bara
_erda
_cJO-AjNU
041 _aara
050 1 4 _aJX1391.2019
100 3 _aخليل، فادي وراد,
_eauthor
_960862
245 0 0 _aتاريخ العلاقات الدولية في القرن العشرين منذ عام 1900 وحتى عام 1945، ج1
250 _aط1
264 3 1 _aعمان: دار الاعصار العلمي للنشر والتوزيع، 2019
300 _aج1: 504ص
336 _atext
_btxt
_2rdacontent
337 _aunmediated
_bn
_2rdamedia
338 _avolume
_bnc
_2rdacarrier
650 4 _aالعلاقات الدولية-تاريخ
_960863
999 _aA27475
_c31043
_d31043